[Event "DEM U14 2017"]
[Site "Willingen GER"]
[Date "2017.06.07"]
[Round "6"]
[White "Pajeken, Jakob Leon"]
[Black "Sulayev, Daniel"]
[Result "1/2-1/2"]
[Termination "normal"]
[Board "1"]
[WhiteElo "2120"]
[BlackElo "1961"]
[WhiteClock "00:24:46"]
[BlackClock "00:37:25"]
[PlyCount "65"]
[WhiteFideId "12942839"]
[BlackFideId "12977675"]
[EventCountry "GER"]
[EventRounds "9"]
[EventType "swiss"]
[EventDate "2017.06.03"]

1. e4 {[%clk 1:30:33]} 1... c5 {[%clk 1:30:22]} 2. Nf3 {[%clk 1:30:27]} 2...
Nc6 {[%clk 1:30:45]} 3. d4 {[%clk 1:30:43]} 3... cxd4 {[%clk 1:31:09]} 4. Nxd4
{[%clk 1:31:02]} 4... Nf6 {[%clk 1:31:35]} 5. Nc3 {[%clk 1:31:21]} 5... e5 {
[%clk 1:31:59]} 6. Ndb5 {[%clk 1:31:42]} 6... d6 {[%clk 1:32:27]} 7. Bg5 {
[%clk 1:32:04]} 7... a6 {[%clk 1:32:52]} 8. Na3 {[%clk 1:32:26]} 8... b5 {
[%clk 1:33:19]} 9. Nd5 {[%clk 1:32:48]} 9... Be7 {[%clk 1:33:44]} 10. Bxf6 {
[%clk 1:33:06]} 10... Bxf6 {[%clk 1:34:11]} 11. c3 {[%clk 1:32:59]} 11... Bg5 {
[%clk 1:34:34]} 12. Nc2 {[%clk 1:33:05]} 12... O-O {[%clk 1:34:58]} 13. a4 {
[%clk 1:33:10]} 13... bxa4 {[%clk 1:35:20]} 14. Rxa4 {[%clk 1:33:26]} 14... a5
{[%clk 1:34:36]} 15. Bc4 {[%clk 1:33:14]} 15... Ne7 {[%clk 1:34:41]} 16. O-O {
[%clk 1:24:48]} 16... Nxd5 {[%clk 1:26:08]} 17. Bxd5 {[%clk 1:24:43]} 17... Bd7
{[%clk 1:22:51]} 18. Ra2 {[%clk 1:23:41]} 18... Rb8 {[%clk 1:22:39]} 19. Qa1 {
[%clk 1:16:10]} 19... Qb6 {[%clk 1:15:37]} 20. b4 {[%clk 1:12:57]} 20... axb4 {
[%clk 1:14:53]} 21. Nxb4 {[%clk 1:12:48]} 21... Bb5 {[%clk 1:14:19]} 22. Rb1 {
[%clk 1:11:16]} 22... Qc5 {[%clk 1:12:06]} 23. Ra5 {[%clk 1:05:09]} 23... Qc7 {
[%clk 1:07:55]} 24. Ra3 {[%clk 0:50:06]} 24... Qc5 {[%clk 1:05:12]} 25. Qa2 {
[%clk 0:49:17]} 25... Bd3 {[%clk 0:59:10]} 26. Rd1 {[%clk 0:49:26]} 26... Bb5 {
[%clk 0:58:54]} 27. g3 {[%clk 0:42:21]} 27... Rbc8 {[%clk 0:46:59]} 28. Bb7 {
[%clk 0:32:16]} 28... Bc4 {[%clk 0:45:00]} 29. Qa1 {[%clk 0:32:13]} 29... Rb8 {
[%clk 0:43:40]} 30. Ba6 {[%clk 0:29:57]} 30... Be6 {[%clk 0:41:19]} 31. Be2 {
[%clk 0:29:38]} 31... Rbc8 {[%clk 0:39:19]} 32. Nd5 {[%clk 0:28:27]} 32... Bd8
{[%clk 0:37:25]} 33. Ba6 {[%clk 0:24:46]} 1/2-1/2

[Event "DEM U14 2017"]
[Site "Willingen GER"]
[Date "2017.06.07"]
[Round "6"]
[White "Kopylov, Daniel"]
[Black "Svane, Frederik"]
[Result "1/2-1/2"]
[Termination "normal"]
[Board "2"]
[WhiteElo "2138"]
[BlackElo "2204"]
[WhiteClock "00:02:44"]
[BlackClock "00:08:36"]
[PlyCount "146"]
[WhiteFideId "12921971"]
[BlackFideId "12923044"]
[EventCountry "GER"]
[EventRounds "9"]
[EventType "swiss"]
[EventDate "2017.06.03"]

1. e4 {[%clk 1:30:53]} 1... c5 {[%clk 1:30:58]} 2. Nf3 {[%clk 1:31:15]} 2... a6
{[%clk 1:31:26]} 3. c3 {[%clk 1:27:02]} 3... e6 {[%clk 1:31:40]} 4. g3 { [%clk
1:26:03]} 4... Nc6 {[%clk 1:17:12]} 5. Bg2 {[%clk 1:25:42]} 5... Nge7 { [%clk
1:15:47]} 6. O-O {[%clk 1:25:35]} 6... d5 {[%clk 1:16:16]} 7. exd5 { [%clk
1:25:28]} 7... Nxd5 {[%clk 1:16:10]} 8. d4 {[%clk 1:25:35]} 8... Be7 { [%clk
1:14:07]} 9. Ne5 {[%clk 1:06:16]} 9... Nxe5 {[%clk 1:10:49]} 10. dxe5 { [%clk
1:06:40]} 10... O-O {[%clk 1:11:04]} 11. Nd2 {[%clk 0:54:16]} 11... Qc7 { [%clk
1:06:49]} 12. Qe2 {[%clk 0:53:16]} 12... Bd7 {[%clk 1:05:05]} 13. a3 { [%clk
0:51:18]} 13... c4 {[%clk 1:02:24]} 14. Qxc4 {[%clk 0:37:58]} 14... Qxe5 {[%clk
0:55:01]} 15. Qe4 {[%clk 0:38:03]} 15... Qxe4 {[%clk 0:44:45]} 16. Bxe4 {[%clk
0:37:56]} 16... Bc6 {[%clk 0:43:09]} 17. c4 {[%clk 0:37:00]} 17... Nb6 { [%clk
0:43:03]} 18. b3 {[%clk 0:35:52]} 18... Rfd8 {[%clk 0:41:58]} 19. Bxc6 { [%clk
0:28:50]} 19... bxc6 {[%clk 0:42:18]} 20. Ne4 {[%clk 0:29:09]} 20... Rd3 {[%clk
0:23:17]} 21. Rb1 {[%clk 0:27:32]} 21... Nd7 {[%clk 0:23:39]} 22. a4 { [%clk
0:23:42]} 22... Rb8 {[%clk 0:23:18]} 23. Bf4 {[%clk 0:19:41]} 23... Rbxb3
{[%clk 0:09:28]} 24. Rxb3 {[%clk 0:20:01]} 24... Rxb3 {[%clk 0:09:56]} 25. Rd1
{[%clk 0:20:14]} 25... Nb6 {[%clk 0:05:52]} 26. Bd6 {[%clk 0:12:47]} 26... Bf6
{[%clk 0:01:31]} 27. Be5 {[%clk 0:05:12]} 27... Be7 {[%clk 0:01:53]} 28. Bd6 {
[%clk 0:05:32]} 28... Bf6 {[%clk 0:02:21]} 29. Nxf6+ {[%clk 0:04:20]} 29...
gxf6 {[%clk 0:02:46]} 30. Bf4 {[%clk 0:04:45]} 30... Nxc4 {[%clk 0:01:38]} 31.
Bh6 {[%clk 0:05:02]} 31... Rb8 {[%clk 0:02:06]} 32. h3 {[%clk 0:01:55]} 32...
Nb6 {[%clk 0:00:49]} 33. Rd4 {[%clk 0:01:47]} 33... f5 {[%clk 0:01:00]} 34. Rd6
{[%clk 0:01:43]} 34... Rc8 {[%clk 0:01:09]} 35. a5 {[%clk 0:01:06]} 35... Nd5 {
[%clk 0:01:31]} 36. Kf1 {[%clk 0:01:10]} 36... f6 {[%clk 0:00:51]} 37. Rxe6 {
[%clk 0:00:53]} 37... Kf7 {[%clk 0:01:19]} 38. Re1 {[%clk 0:01:17]} 38... f4 {
[%clk 0:01:42]} 39. Bxf4 {[%clk 0:01:34]} 39... Nxf4 {[%clk 0:02:08]} 40. gxf4
{[%clk 0:02:02]} 40... c5 {[%clk 0:02:10]} 41. Re4 {[%clk 0:05:55]} 41... Rb8 {
[%clk 0:24:49]} 42. f5 {[%clk 0:05:33]} 42... Rb5 {[%clk 0:23:43]} 43. Re6 {
[%clk 0:05:47]} 43... Rxa5 44. Rc6 {[%clk 0:06:13]} 44... Kg7 {[%clk 0:21:58]}
45. Kg2 {[%clk 0:05:23]} 45... c4 {[%clk 0:17:40]} 46. Rxc4 {[%clk 0:04:59]}
46... Rxf5 {[%clk 0:18:06]} 47. Rc6 {[%clk 0:05:20]} 47... Ra5 {[%clk 0:18:21]}
48. Rc7+ {[%clk 0:05:37]} 48... Kg6 {[%clk 0:18:46]} 49. Kg3 {[%clk 0:05:47]}
49... h5 {[%clk 0:18:34]} 50. h4 {[%clk 0:05:34]} 50... Ra4 {[%clk 0:18:33]}
51. f3 {[%clk 0:05:55]} 51... a5 {[%clk 0:18:29]} 52. Ra7 {[%clk 0:06:07]}
52... Ra1 {[%clk 0:18:29]} 53. Ra8 {[%clk 0:05:42]} 53... a4 {[%clk 0:18:22]}
54. Ra6 {[%clk 0:05:45]} 54... a3 {[%clk 0:15:47]} 55. Ra5 {[%clk 0:04:38]}
55... Kf7 {[%clk 0:13:11]} 56. Ra7+ {[%clk 0:04:09]} 56... Ke6 {[%clk 0:12:20]}
57. Ra6+ {[%clk 0:03:57]} 57... Ke5 {[%clk 0:11:53]} 58. Ra4 {[%clk 0:03:16]}
58... a2 {[%clk 0:10:50]} 59. Kg2 {[%clk 0:03:33]} 59... Kf5 {[%clk 0:11:17]}
60. Ra5+ {[%clk 0:03:43]} 60... Kf4 {[%clk 0:11:01]} 61. Ra4+ {[%clk 0:03:55]}
61... Ke3 {[%clk 0:11:26]} 62. Ra3+ {[%clk 0:03:45]} 62... Ke2 {[%clk 0:11:48]}
63. Ra8 {[%clk 0:04:01]} 63... f5 {[%clk 0:11:01]} 64. Re8+ {[%clk 0:03:19]}
64... Kd3 {[%clk 0:11:23]} 65. Rd8+ {[%clk 0:03:45]} 65... Ke3 {[%clk 0:11:38]}
66. Re8+ {[%clk 0:03:55]} 66... Kf4 {[%clk 0:11:02]} 67. Ra8 {[%clk 0:04:04]}
67... Rd1 {[%clk 0:10:20]} 68. Rxa2 {[%clk 0:04:03]} 68... Ke3 {[%clk 0:10:28]}
69. Ra4 {[%clk 0:02:35]} 69... Rd8 {[%clk 0:09:58]} 70. Ra3+ {[%clk 0:02:45]}
70... Rd3 {[%clk 0:10:19]} 71. Ra4 {[%clk 0:03:02]} 71... Rd4 {[%clk 0:09:40]}
72. Ra3+ {[%clk 0:02:48]} 72... Kd2 {[%clk 0:08:36]} 73. Ra5 {[%clk 0:02:44]}
73... Rxh4 1/2-1/2

[Event "DEM U14 2017"]
[Site "Willingen GER"]
[Date "2017.06.07"]
[Round "6"]
[White "Tong, Kevin"]
[Black "Wu, Leon"]
[Result "1-0"]
[Termination "normal"]
[Board "3"]
[WhiteElo "2143"]
[BlackElo "1957"]
[WhiteClock "00:07:12"]
[BlackClock "00:06:19"]
[PlyCount "155"]
[WhiteFideId "12913944"]
[BlackFideId "12977438"]
[EventCountry "GER"]
[EventRounds "9"]
[EventType "swiss"]
[EventDate "2017.06.03"]

1. e4 {[%clk 1:30:48]} 1... c5 {[%clk 1:30:34]} 2. Nf3 {[%clk 1:30:36]} 2... d6
{[%clk 1:30:38]} 3. d4 {[%clk 1:30:13]} 3... cxd4 {[%clk 1:30:43]} 4. Nxd4 {
[%clk 1:30:10]} 4... Nf6 {[%clk 1:30:38]} 5. Nc3 {[%clk 1:30:02]} 5... a6 {
[%clk 1:29:40]} 6. Bg5 {[%clk 1:27:37]} 6... e6 {[%clk 1:28:41]} 7. f4 { [%clk
1:27:22]} 7... Be7 {[%clk 1:28:30]} 8. Qf3 {[%clk 1:26:10]} 8... Qc7 { [%clk
1:27:14]} 9. O-O-O {[%clk 1:24:33]} 9... Nbd7 {[%clk 1:26:36]} 10. g4 { [%clk
1:23:14]} 10... b5 {[%clk 1:23:40]} 11. Bxf6 {[%clk 1:20:30]} 11... Nxf6 {[%clk
1:23:15]} 12. g5 {[%clk 1:19:36]} 12... Nd7 {[%clk 1:23:05]} 13. f5 { [%clk
1:17:52]} 13... Bxg5+ {[%clk 1:22:19]} 14. Kb1 {[%clk 1:17:06]} 14... Ne5
{[%clk 1:22:01]} 15. Qh5 {[%clk 1:15:58]} 15... Qe7 {[%clk 1:21:32]} 16. Nxe6 {
[%clk 1:10:04]} 16... Bxe6 {[%clk 1:20:54]} 17. fxe6 {[%clk 1:09:37]} 17... g6
{[%clk 1:20:39]} 18. exf7+ {[%clk 1:05:38]} 18... Kxf7 {[%clk 1:18:41]} 19. Qh3
{[%clk 1:00:15]} 19... Kg7 {[%clk 1:16:50]} 20. Be2 {[%clk 0:48:19]} 20... Rhf8
{[%clk 1:12:02]} 21. Nd5 {[%clk 0:42:51]} 21... Qd8 {[%clk 1:09:28]} 22. Rhf1 {
[%clk 0:39:03]} 22... Ra7 {[%clk 1:07:08]} 23. Qa3 {[%clk 0:32:26]} 23... Rxf1
{[%clk 0:55:26]} 24. Rxf1 {[%clk 0:30:50]} 24... Qd7 {[%clk 0:51:33]} 25. Rd1 {
[%clk 0:22:34]} 25... Qc6 {[%clk 0:49:21]} 26. Qg3 {[%clk 0:20:03]} 26... Bd8 {
[%clk 0:42:27]} 27. h4 {[%clk 0:14:13]} 27... Qe8 {[%clk 0:34:44]} 28. h5 {
[%clk 0:13:03]} 28... h6 {[%clk 0:08:52]} 29. Ne3 {[%clk 0:11:08]} 29... Bg5 {
[%clk 0:06:41]} 30. Rxd6 {[%clk 0:08:26]} 30... gxh5 {[%clk 0:06:11]} 31. Nf5+
{[%clk 0:07:23]} 31... Kh7 {[%clk 0:06:26]} 32. Qc3 {[%clk 0:05:52]} 32... h4 {
[%clk 0:03:52]} 33. Qd4 {[%clk 0:03:44]} 33... Rc7 {[%clk 0:03:39]} 34. c3 {
[%clk 0:01:22]} 34... Bf4 {[%clk 0:00:50]} 35. Qf2 {[%clk 0:00:45]} 35... Ng6 {
[%clk 0:00:34]} 36. Rd4 {[%clk 0:00:38]} 36... Be5 {[%clk 0:00:52]} 37. Rd1 {
[%clk 0:00:42]} 37... Qe6 {[%clk 0:00:37]} 38. Bf3 {[%clk 0:00:36]} 38... Rf7 {
[%clk 0:00:36]} 39. Qe3 {[%clk 0:00:41]} 39... Bf4 {[%clk 0:00:47]} 40. Qd4 {
[%clk 0:00:34]} 40... Be5 {[%clk 0:00:32]} 41. Qe3 {[%clk 0:00:33]} 41... Bf4 {
[%clk 0:29:59]} 42. Qd4 {[%clk 0:25:48]} 42... Be5 {[%clk 0:22:48]} 43. Qd2 {
[%clk 0:19:14]} 43... Bf4 {[%clk 0:21:53]} 44. Qg2 {[%clk 0:18:33]} 44... Bg5 {
[%clk 0:13:38]} 45. Rd6 {[%clk 0:12:58]} 45... Qe5 {[%clk 0:13:14]} 46. Rxa6 {
[%clk 0:11:16]} 46... Qf4 {[%clk 0:12:09]} 47. a3 {[%clk 0:10:59]} 47... Ne5 {
[%clk 0:11:27]} 48. Bh5 {[%clk 0:09:02]} 48... h3 {[%clk 0:05:16]} 49. Qh1 {
[%clk 0:06:55]} 49... Nd3 {[%clk 0:02:24]} 50. Bg6+ {[%clk 0:05:55]} 50... Kg8
{[%clk 0:02:04]} 51. Bxf7+ {[%clk 0:05:16]} 51... Kxf7 {[%clk 0:02:26]} 52.
Ra7+ {[%clk 0:05:06]} 52... Kf6 {[%clk 0:01:55]} 53. e5+ {[%clk 0:03:31]} 53...
Kxe5 {[%clk 0:01:38]} 54. Nd4 {[%clk 0:02:28]} 54... h2 {[%clk 0:00:57]} 55.
Nf3+ {[%clk 0:02:30]} 55... Kf5 {[%clk 0:00:35]} 56. Rf7+ {[%clk 0:01:40]}
56... Bf6 {[%clk 0:00:58]} 57. Nxh2 {[%clk 0:01:49]} 57... Kg6 {[%clk 0:00:39]}
58. Rb7 {[%clk 0:01:55]} 58... Nf2 {[%clk 0:00:32]} 59. Qg2+ {[%clk 0:02:03]}
59... Kf5 {[%clk 0:00:45]} 60. Rxb5+ {[%clk 0:02:22]} 60... Be5 {[%clk 0:00:39]
} 61. Qf3 {[%clk 0:01:55]} 61... Qxf3 {[%clk 0:00:32]} 62. Nxf3 {[%clk 0:02:18]
} 62... Ng4 {[%clk 0:00:56]} 63. Kc1 {[%clk 0:01:59]} 63... Kf4 {[%clk 0:01:10]
} 64. Nxe5 {[%clk 0:02:20]} 64... Nxe5 {[%clk 0:01:38]} 65. Rxe5 { [%clk
0:02:22]} 65... Kxe5 {[%clk 0:02:02]} 66. Kd2 {[%clk 0:02:49]} 66... Ke4 {[%clk
0:02:03]} 67. Ke2 {[%clk 0:03:14]} 67... Kf4 {[%clk 0:02:11]} 68. Kf2 { [%clk
0:03:39]} 68... Ke4 {[%clk 0:02:36]} 69. b4 {[%clk 0:04:00]} 69... Kd5 { [%clk
0:03:03]} 70. b5 {[%clk 0:04:22]} 70... Kc5 {[%clk 0:03:28]} 71. c4 { [%clk
0:04:49]} 71... Kxc4 {[%clk 0:03:52]} 72. b6 {[%clk 0:05:15]} 72... Kb3 { [%clk
0:04:17]} 73. b7 {[%clk 0:05:40]} 73... h5 {[%clk 0:04:43]} 74. b8=Q+ { [%clk
0:06:02]} 74... Kxa3 {[%clk 0:05:08]} 75. Ke3 {[%clk 0:06:19]} 75... h4 { [%clk
0:05:31]} 76. Kd3 {[%clk 0:06:46]} 76... h3 {[%clk 0:05:53]} 77. Kc3 { [%clk
0:07:12]} 77... h2 {[%clk 0:06:19]} 78. Qa8# 1-0

[Event "DEM U14 2017"]
[Site "Willingen GER"]
[Date "2017.06.07"]
[Round "6"]
[White "Dobrikov, Marco"]
[Black "Suvorov, Luca"]
[Result "0-1"]
[Termination "normal"]
[Board "4"]
[WhiteElo "2012"]
[BlackElo "2121"]
[WhiteClock "00:26:30"]
[BlackClock "00:29:54"]
[PlyCount "82"]
[WhiteFideId "12950378"]
[BlackFideId "12977071"]
[EventCountry "GER"]
[EventRounds "9"]
[EventType "swiss"]
[EventDate "2017.06.03"]

1. e4 {[%clk 1:30:58]} 1... c6 {[%clk 1:30:54]} 2. Nc3 {[%clk 1:31:15]} 2... d5
{[%clk 1:31:19]} 3. Nf3 {[%clk 1:31:25]} 3... Nf6 {[%clk 1:31:23]} 4. e5 {
[%clk 1:31:38]} 4... Ne4 {[%clk 1:31:47]} 5. d4 {[%clk 1:30:49]} 5... Nxc3 {
[%clk 1:32:07]} 6. bxc3 {[%clk 1:31:05]} 6... Bg4 {[%clk 1:32:26]} 7. Bd3 {
[%clk 1:30:20]} 7... e6 {[%clk 1:31:48]} 8. O-O {[%clk 1:30:05]} 8... Nd7 {
[%clk 1:30:13]} 9. h3 {[%clk 1:29:03]} 9... Bxf3 {[%clk 1:25:31]} 10. Qxf3 {
[%clk 1:29:18]} 10... Be7 {[%clk 1:20:20]} 11. Qg4 {[%clk 1:26:52]} 11... g6 {
[%clk 1:19:45]} 12. f4 {[%clk 1:08:09]} 12... Qa5 {[%clk 0:52:22]} 13. Bd2 {
[%clk 1:01:11]} 13... c5 {[%clk 0:48:33]} 14. Rfd1 {[%clk 0:58:41]} 14... c4 {
[%clk 0:45:42]} 15. Be2 {[%clk 0:58:33]} 15... Nb6 {[%clk 0:44:57]} 16. Rdb1 {
[%clk 0:56:45]} 16... Rb8 {[%clk 0:42:45]} 17. Qf3 {[%clk 0:55:27]} 17... h5 {
[%clk 0:38:58]} 18. g3 {[%clk 0:52:28]} 18... Ba3 {[%clk 0:37:00]} 19. g4 {
[%clk 0:48:33]} 19... hxg4 {[%clk 0:31:42]} 20. hxg4 {[%clk 0:48:43]} 20... Kd7
{[%clk 0:31:03]} 21. f5 {[%clk 0:43:31]} 21... gxf5 {[%clk 0:27:33]} 22. gxf5 {
[%clk 0:43:36]} 22... Rbg8+ {[%clk 0:26:45]} 23. Kf1 {[%clk 0:41:56]} 23... Kc8
{[%clk 0:23:17]} 24. Bf4 {[%clk 0:31:02]} 24... Na4 {[%clk 0:16:23]} 25. Bxc4 {
[%clk 0:29:32]} 25... Bb2 {[%clk 0:15:19]} 26. Rxb2 {[%clk 0:29:28]} 26... Nxb2
{[%clk 0:15:39]} 27. Be2 {[%clk 0:29:46]} 27... Na4 {[%clk 0:12:43]} 28. c4 {
[%clk 0:29:05]} 28... Qc3 29. Qxc3 29... Nxc3 {[%clk 0:12:00]} 30. Bf3 { [%clk
0:29:57]} 30... dxc4 {[%clk 0:09:48]} 31. Kf2 {[%clk 0:29:16]} 31... Nd5 {[%clk
0:09:07]} 32. Bxd5 {[%clk 0:29:31]} 32... exd5 {[%clk 0:09:36]} 33. e6 { [%clk
0:29:37]} 33... fxe6 {[%clk 0:08:37]} 34. fxe6 {[%clk 0:29:59]} 34... Rf8
{[%clk 0:06:27]} 35. Kg3 {[%clk 0:30:16]} 35... Rhg8+ {[%clk 0:06:02]} 36. Kf3
{[%clk 0:30:42]} 36... Rf6 {[%clk 0:05:09]} 37. Re1 {[%clk 0:30:46]} 37... Re8
{[%clk 0:03:41]} 38. Re5 {[%clk 0:31:08]} 38... Rexe6 {[%clk 0:02:37]} 39. Rxd5
{[%clk 0:31:34]} 39... Re1 {[%clk 0:02:27]} 40. Rc5+ {[%clk 0:31:45]} 40... Kd7
{[%clk 0:00:57]} 41. Rc7+ {[%clk 0:26:30]} 41... Kd8 {[%clk 0:29:54]} 0-1

[Event "DEM U14 2017"]
[Site "Willingen GER"]
[Date "2017.06.07"]
[Round "6"]
[White "Zimmer, Raphael"]
[Black "Wachinger, Nikolas"]
[Result "1/2-1/2"]
[Termination "normal"]
[Board "5"]
[WhiteElo "2065"]
[BlackElo "2055"]
[WhiteClock "00:02:38"]
[BlackClock "00:02:05"]
[PlyCount "177"]
[WhiteFideId "12978841"]
[BlackFideId "12962791"]
[EventCountry "GER"]
[EventRounds "9"]
[EventType "swiss"]
[EventDate "2017.06.03"]

1. e4 {[%clk 1:30:57]} 1... c5 {[%clk 1:30:53]} 2. Nf3 {[%clk 1:31:17]} 2... d6
{[%clk 1:31:14]} 3. d4 {[%clk 1:31:31]} 3... cxd4 {[%clk 1:31:35]} 4. Nxd4 {
[%clk 1:31:53]} 4... Nf6 {[%clk 1:31:59]} 5. f3 {[%clk 1:31:59]} 5... e5 {
[%clk 1:32:16]} 6. Bb5+ {[%clk 1:32:04]} 6... Nbd7 {[%clk 1:32:10]} 7. Nf5 {
[%clk 1:32:07]} 7... d5 {[%clk 1:32:09]} 8. exd5 {[%clk 1:32:15]} 8... a6 {
[%clk 1:32:27]} 9. Ba4 {[%clk 1:32:35]} 9... b5 {[%clk 1:27:42]} 10. Bb3 {
[%clk 1:32:59]} 10... a5 {[%clk 1:27:38]} 11. a4 {[%clk 1:27:43]} 11... Nc5 {
[%clk 1:25:37]} 12. Ne3 {[%clk 1:27:22]} 12... Nxb3 {[%clk 1:22:32]} 13. cxb3 {
[%clk 1:27:43]} 13... b4 {[%clk 1:17:12]} 14. Nd2 {[%clk 1:23:50]} 14... Bc5 {
[%clk 1:11:19]} 15. Ndc4 {[%clk 1:21:08]} 15... O-O {[%clk 1:02:35]} 16. O-O {
[%clk 1:18:47]} 16... Nxd5 {[%clk 0:55:47]} 17. Qc2 {[%clk 1:16:53]} 17... Qg5
{[%clk 0:42:06]} 18. Qe4 {[%clk 1:08:57]} 18... Bb7 {[%clk 0:34:28]} 19. Rf2 {
[%clk 1:07:34]} 19... f5 {[%clk 0:25:02]} 20. Nxd5 {[%clk 0:52:30]} 20... Qxc1+
{[%clk 0:20:31]} 21. Rxc1 {[%clk 0:50:46]} 21... Bxf2+ {[%clk 0:20:51]} 22.
Kxf2 {[%clk 0:51:03]} 22... fxe4 {[%clk 0:21:11]} 23. Nc7 {[%clk 0:50:22]}
23... Rab8 {[%clk 0:18:26]} 24. Nxe5 {[%clk 0:49:10]} 24... Rfd8 { [%clk
0:17:40]} 25. Ke3 {[%clk 0:47:53]} 25... exf3 {[%clk 0:17:01]} 26. gxf3 { [%clk
0:48:13]} 26... Rd6 {[%clk 0:14:07]} 27. Rc4 {[%clk 0:44:43]} 27... Rf8 { [%clk
0:11:14]} 28. Rc5 {[%clk 0:43:46]} 28... Rh6 {[%clk 0:09:56]} 29. Rxa5 { [%clk
0:43:00]} 29... Rxh2 {[%clk 0:09:52]} 30. Ra7 {[%clk 0:42:31]} 30... Bc8 {[%clk
0:09:05]} 31. Nd5 {[%clk 0:41:43]} 31... Re8 {[%clk 0:08:23]} 32. Re7 { [%clk
0:39:49]} 32... Rd8 {[%clk 0:07:45]} 33. Rc7 {[%clk 0:38:11]} 33... Be6 { [%clk
0:07:28]} 34. Nxb4 {[%clk 0:37:39]} 34... Rxb2 {[%clk 0:07:25]} 35. Nbc6 {[%clk
0:34:27]} 35... Rxb3+ {[%clk 0:07:24]} 36. Kf2 {[%clk 0:34:41]} 36... Re8
{[%clk 0:07:16]} 37. Kg3 {[%clk 0:33:33]} 37... Ra3 {[%clk 0:05:21]} 38. Ra7
{[%clk 0:32:11]} 38... Kf8 {[%clk 0:04:27]} 39. Kf4 {[%clk 0:30:50]} 39... Bd5
{[%clk 0:04:04]} 40. Nd4 {[%clk 0:29:13]} 40... Bb3 {[%clk 0:00:57]} 41. Nd7+
{[%clk 0:24:11]} 41... Kg8 {[%clk 0:00:39]} 42. Nc5 {[%clk 0:24:29]} 42... Bf7
{[%clk 0:21:00]} 43. Nf5 {[%clk 0:48:51]} 43... Rd8 {[%clk 0:15:27]} 44. Ne4
{[%clk 0:45:32]} 44... Rad3 {[%clk 0:13:06]} 45. Ned6 {[%clk 0:43:16]} 45...
Bg6 {[%clk 0:12:06]} 46. Ne7+ {[%clk 0:42:35]} 46... Kf8 {[%clk 0:12:14]} 47.
Nxg6+ {[%clk 0:42:38]} 47... hxg6 {[%clk 0:12:37]} 48. Ne4 {[%clk 0:41:52]}
48... R3d5 {[%clk 0:11:16]} 49. Ra6 {[%clk 0:41:07]} 49... Rf5+ {[%clk 0:09:20]
} 50. Kg4 {[%clk 0:41:01]} 50... Kg8 {[%clk 0:07:18]} 51. Rxg6 {[%clk 0:34:42]}
51... Rdf8 {[%clk 0:07:23]} 52. Ng5 {[%clk 0:33:41]} 52... Rf4+ {[%clk 0:06:50]
} 53. Kg3 {[%clk 0:32:22]} 53... Rxa4 {[%clk 0:06:17]} 54. Rb6 {[%clk 0:32:22]}
54... Raa8 {[%clk 0:04:15]} 55. Rb7 {[%clk 0:30:42]} 55... Rf6 {[%clk 0:04:29]}
56. Rb4 {[%clk 0:28:21]} 56... Raf8 {[%clk 0:03:56]} 57. Kg4 {[%clk 0:28:22]}
57... Rc6 {[%clk 0:03:17]} 58. Kg3 {[%clk 0:18:12]} 58... Rc1 {[%clk 0:02:42]}
59. Kg2 {[%clk 0:17:47]} 59... Rc5 {[%clk 0:02:51]} 60. Ne4 {[%clk 0:16:29]}
60... Ra5 {[%clk 0:02:44]} 61. Rb2 {[%clk 0:15:52]} 61... Kh7 {[%clk 0:03:03]}
62. Rb6 {[%clk 0:15:00]} 62... Rff5 {[%clk 0:03:09]} 63. Rb3 {[%clk 0:13:37]}
63... Ra6 {[%clk 0:03:29]} 64. Kf2 {[%clk 0:13:16]} 64... Rh6 {[%clk 0:03:02]}
65. Kg2 {[%clk 0:13:30]} 65... Rfh5 {[%clk 0:02:52]} 66. Kg3 {[%clk 0:12:31]}
66... Rg6+ {[%clk 0:02:18]} 67. Kf2 {[%clk 0:12:53]} 67... Rh2+ {[%clk 0:02:31]
} 68. Ke3 {[%clk 0:13:20]} 68... Rg1 {[%clk 0:02:42]} 69. Ra3 {[%clk 0:12:48]}
69... Rhg2 {[%clk 0:02:18]} 70. Kf4 {[%clk 0:12:18]} 70... Re1 {[%clk 0:01:59]}
71. Rb3 {[%clk 0:12:29]} 71... Kh6 {[%clk 0:02:08]} 72. Rb6+ {[%clk 0:11:32]}
72... g6 {[%clk 0:02:08]} 73. Rb5 {[%clk 0:09:45]} 73... Ra1 {[%clk 0:02:07]}
74. Rc5 {[%clk 0:08:40]} 74... Ra8 {[%clk 0:02:10]} 75. Rc6 {[%clk 0:08:23]}
75... Rf8+ {[%clk 0:02:29]} 76. Ke3 {[%clk 0:08:44]} 76... Kh5 {[%clk 0:02:06]}
77. Nf6+ {[%clk 0:07:26]} 77... Kh6 {[%clk 0:01:58]} 78. Ne4 {[%clk 0:07:45]}
78... Rh2 {[%clk 0:01:40]} 79. Rc3 {[%clk 0:06:27]} 79... Rf7 {[%clk 0:01:45]}
80. Ra3 {[%clk 0:06:41]} 80... Kg7 {[%clk 0:01:36]} 81. Rb3 {[%clk 0:06:23]}
81... Rg2 {[%clk 0:01:56]} 82. Rb5 {[%clk 0:06:20]} 82... Ra2 {[%clk 0:01:48]}
83. Rb3 {[%clk 0:05:15]} 83... Kh6 {[%clk 0:02:00]} 84. Rc3 {[%clk 0:04:37]}
84... Kh5 {[%clk 0:01:59]} 85. Rd3 {[%clk 0:03:25]} 85... Kh6 {[%clk 0:02:08]}
86. Nd2 {[%clk 0:02:55]} 86... Ra5 {[%clk 0:02:06]} 87. Kf2 {[%clk 0:03:03]}
87... Rff5 {[%clk 0:02:05]} 88. Ne4 {[%clk 0:02:45]} 88... Ra4 {[%clk 0:02:05]}
89. Kg2 {[%clk 0:02:38]} 1/2-1/2